Statistiques concernant Puzzle - Villes De France

Cliquez ici pour prendre le quiz!

Statistiques générales

  • Ce quiz a été pris 382 fois
  • Le résultat moyen est 7 sur 20

Statistiques - réponses

Country% Correct
Pau
89%
Lille
85%
Dijon
81%
Lyon
81%
Metz
80%
Paris
80%
Nice
76%
Brest
63%
Caen
60%
Laval
58%
Ajaccio
57%
Lens
54%
Strasbourg
51%
Nantes
50%
Nancy
49%
Bordeaux
48%
Reims
45%
Rouen
44%
Tours
44%
Grenoble
42%
Toulon
42%
Aix-en-Provence
39%
Dunkerque
38%
Rennes
37%
Perpignan
36%
Cannes
33%
Frejus
33%
Marseille
33%
Nimes
32%
Troyes
32%
Toulouse
31%
Vannes
31%
Le Havre
28%
Valence
28%
Niort
26%
Avignon
25%
Mulhouse
24%
Beziers
23%
Clermont-Ferrand
23%
Quimper
23%
Arles
22%
Calais
22%
Valence
22%
Montpelier
21%
Annecy
20%
Bourges
20%
Angers
19%
Bayonne
19%
Colmar
18%
Le Mans
18%
Annecy
17%
Grasse
17%
La Rochelle
17%
Angouleme
16%
Besancon
16%
Amiens
15%
Limoges
15%
Narbonne
15%
Valenciennes
15%
Cholet
14%
Belfort
13%
Evreux
13%
Orleans
13%
Poitiers
11%
Thionville
11%
Antibes
7%
Maubeuge
7%
Annemasse
6%
Beauvais
6%
Saint Ettiene
6%
Chambery
5%
Saint-Nazaire
5%
Douai
4%
Bethune
2%
La Roche sur Yon
2%
Lorient
2%
Rubaix
2%
Saint Quentin
2%
Montbeliard
0%

Distribution des résultats

Percentile par nombre de réponses

% des personnes avec chaque résultat

Votre développement - résultats

Vous n’avez pas pris ce quiz